El antiguo oriente

Kaydedildi:
Detaylı Bibliyografya
Yazar: Hogarth, D. G (Yazar)
Materyal Türü: Kitap
Dil:İspanyolca
Baskı/Yayın Bilgisi: Ciudad de México Fondo de Cultura Económica 1951
Seri Bilgileri:Brevarios del Fondo de Cultura Económica, 49
Konular:
Etiketler: Etiketle
Etiket eklenmemiş, İlk siz ekleyin!

MARC

LEADER 00000nam a2200000 a 4500
001 UCP8765
003 CL-VaPUC
008 000310e19510000MX |||||||||||||||||spa|d
082 0 4 |a 939.2  |b HOG  |2 21 
100 0 |a Hogarth, D. G  |e author  |9 438961 
245 1 3 |a El antiguo oriente 
300 |a 154 p 
942 |c BK 
945 |d 20000310 00:00:00  |a rherrera 
260 |a Ciudad de México  |b Fondo de Cultura Económica  |c 1951 
650 0 |a Historia antigua  |9 267521 
650 7 |a ORIENTE  |2 CL-VaPUC  |9 438673 
650 7 |a IMPERIO ASIRIO  |2 CL-VaPUC  |9 391791 
650 0 |a Judíos  |9 313771 
650 0 |a Imperio Persa  |9 438880 
650 0 |a Imperio babilónico  |9 438881 
651 7 |a ASIA MENOR  |2 CL-VaPUC  |9 400482 
583 |a last modification  |c 20000310 00:00:00  |k Rodrigo Vera 
490 0 |a Brevarios del Fondo de Cultura Económica, 49 
999 |c 285651  |d 285649 
952 |0 0  |1 0  |4 0  |6 939_200000000000000_HOG_1951  |7 0  |8 A  |9 330393  |a BIBHIS  |b BIBHIS  |d 2019-11-20  |i 1394177  |o 939.2 HOG 1951  |p 1394177  |r 2025-01-20  |w 2019-11-20  |y BK  |k HIS 
952 |0 0  |1 0  |4 0  |6 939_200000000000000_HOG_1951  |7 0  |8 A  |9 330394  |a BIBHIS  |b BIBHIS  |d 2019-11-20  |i 1394193  |o 939.2 HOG 1951  |p 1394193  |r 2025-01-20  |w 2019-11-20  |y BK  |k HIS